LEADER 01155nam a2200277 i 4500 001 000000068313 003 CaOOAMICUS 005 20101123000000.0 008 101123s1998 it u000 u ita u 013 $a39485 020 $a88-7610-658-8 040 $aSeMil$bita 100 1 $aPesarin, M. Fernanda.$0(OLS)http://semarc/name/34077 245 10$aCome fiamma viva :$bmadre Serafina della Croce /$cM. Fernanda Pesarin ap. 260 $aMilano :$bÀncora,$ccopyr. 1998. 300 $a266 p., [8] p. di tav. :$b[1] ritratto ;$c21 cm. 490 0 $aAlle sorgenti 600 04$aSerafina : della Croce .$0(OLS)http://semarc/subject/899 650 4$aBiografie.$0(OLS)http://semarc/subject/2953 830 0$aAlle sorgenti.$0(OLS)http://semarc/title/8457 850 $aSeMil 852 $aSeMil$W1$xVenegono$y1$m3J V 244$j34466$B34466$CSeMilBibl$Z2$F34469 $81 961 $aOmaggio: Donazione 996 $6020$a88-7610-658-8$9(OLS)http://semarc/number/46477 996 $6245$aCome fiamma viva :$bmadre Serafina della Croce$9(OLS)http://semarc/title/109017 996 $6260$aMilano :$bÀncora$9(OLS)http://semarc/publisher/29763 LEADER 00519naa a2200145 i 4500 001 000000301525 003 CaOOAMICUS 005 20180831172724.0 008 180831n xx u000 u und u 013 $a9254 040 $aSeMil$bita 100 1 $aBordoni, Marcello,$c.$0(OLS)http://semarc/name/3071 245 13$aIl Dio di Gesù Cristo. 773 0 $aRuggieri, Giuseppe <1940- >$tVolume 1.$dGenova : Marietti, copyr. 1987.$z88-211-7308-9$w()35471 996 $6245$aIl Dio di Gesù Cristo$9(OLS)http://semarc/title/66474